00297nam a22000977a 4500008004100000020001800041040005500059100001900114245003900133260002700172230905b |||||||| |||| 00| 0 eng d a3-7743-0547-1 aNational Science LibrarycNational Science Library aKarpp, Gerhard aDie theologische literaturzeitung  aKoln: bGreven Verlag